Europäische Geschichte nach Buchstaben - N - Statistiken

Allgemein
  • Dieses Quiz wurde 66 mal gespielt
  • Das Durchschnittsergebnis liegt bei 13 aus 20
Antwortstatistiken
Hinweis Antwort % Korrekt
Diese Partei kam 1933 in Deutschland an die Macht und verursachte den Zweiten Weltkrieg und den Holocaust NSDAP
96%
Erster Kaiser Frankreichs, der zu Beginn des 19. Jahrhunderts die Politik in ganz Europa neuordnete Napoleon
95%
Bekanntestes Bauprojekt von König Ludwig II von Bayern in den Alpen Neuschwanstein
95%
Römischer Kaiser, welcher die Christliche Gemeinde nach einem großen Stadtbrand in Rom verfolgen ließ Nero
93%
Militärbündnis, welches sich nach dem Zweiten Weltkrieg aus westeuropäischen und nordamerikanischen Staaten bildete NATO
91%
Urmensch, welcher zuerst in der Nähe von Düsseldorf gefunden wurde Neandertaler
91%
Schwedischer Erfinder des Dynamits und Stifter mehrere Preise für Wissenschaft, Literatur und Frieden Alfred Nobel
84%
Bezeichnung für die historische Großepoche nach Ende des Mittelalters Neuzeit
75%
Letzter Russischer Zar, der 1918 von den Bolschewiki ermordet wurde Nikolaus II
75%
Admiral der britischen Marine, welcher bei der siegreichen Schlacht von Trafalgar gegen die französisch-spanische Flotte starb Horatio Nelson
74%
Britischer Naturforscher, welcher mit seinen Arbeiten zur Klassischen Mechanik und zur Infinitesimalrechnung Physik und Mathematik revolutionierte Isaac Newton
70%
Diese von Griechen gegründete Stadt war Hauptstadt eines gleichnamigen Königreiches, welches vom 14. bis ins 19. Jahrhundert das süditalienische Festland kontrollierte Neapel
65%
Diese Monarchie existierte zwischen 1814 und 1905 in einer Personalunion mit Schweden Norwegen
65%
Bei diesem Umsturz wurde 1974 die portugiesische Diktatur gestürzt und die Demokratie eingeführt Nelkenrevolution
47%
Aus dem Kieler Matrosenaufstand resultierender Umsturz in Deutschland, der das Kaiserreich beendigte Novemberrevolution
42%
Von 1867 bis 1871 bestehende Staatenbund, der durch Preußen dominiert wurde und im Deutschen Kaiserreich aufging Norddeutscher Bund
32%
Königreich im Nordosten Spaniens, dessen König als Heinrich IV auch König von Frankreich werden konnte Navarra
30%
Diese Russische Stadt war im Mittelalter wichtige Handelsstadt, größte Stadt Russlands und Sitz einer gleichnamigen mächtigen Republik Nowgorod
30%
Beiname von Alexander, einem Fürst und Anführer dieser Republik, Russischer Nationalheld und Heiliger, besiegte Schweden und den Deutschen Orden Alexander Newski
9%
Parlamentsarmee im Englischen Bürgerkrieg, ab 1645; von Oliver Cromwell maßgeblich geführt New Model Army
7%
Keine übereinstimmenden Quizze gefunden
Verteilung der Resultate
Anzahl Personen mit jedem Resultat
Perzentil nach korrekt beantworteten Fragen
Ihre Resultats-Entwicklung
Sie haben dieses Quiz noch nicht gespielt